Statistics for Territory Flags Quiz #1

Click here to take the quiz!

General Stats

  • This quiz has been taken 19 times
  • The average score is 13 of 16

Answer Stats

Answer% Correct
Greenland
100%
Hong Kong
100%
Puerto Rico
100%
Gibraltar
92%
Guam
92%
Isle of Man
92%
Macau
92%
American Samoa
85%
US Virgin Islands
85%
Aruba
77%
Cook Islands
69%
Faroe Islands
69%
French Polynesia
69%
Bermuda
62%
Cayman Islands
62%
Niue
62%

Score Distribution

Percentile by Number Answered

Percent of People with Each Score

Your Score History

You have not taken this quiz